000 01184nam0a22002531 4500
001 rc\4743745
005 20260408020107.0
021 _aRU
_b[57-20335]
035 _a(NLR Aleph) 008738200
090 _a9516803
_c9516803
100 _a20130416d1957 |||y0rusy50 ca
101 0 _arus
102 _aRU
105 _ay z |||||
200 1 _aОбзор распространения вредителей и болезней сельскохозяйственных растений в 1956 г., прогноз появления их в 1957 г. и меры по борьбе с ними
_fМ-во сельского хозяйства РСФСР. Гл. упр. с.-х. науки
210 _aМосква
_cБ. и.
_d1957
215 _a32 с.
_d20
606 _aСельскохозяйственные культуры
_xБолезни и вредители
_xНаблюдение и прогноз
_yРСФСР
_2psbo
712 0 1 _aРСФСР
_bГлавное управление сельскохозяйственной науки
_3RU\NLR\AUTH\8810179432
_9855034
801 0 _aRU
_bNLR
_gpsbo
801 1 _aRU
_bELAR
_2rusmarc
852 _aNLR
_j57-4/5153
942 _cBOOK
980 _aNB